[Event "Sparkassen-Open B"]
[Site "Heusenstamm, Martinsee"]
[Date "2017.11.24"]
[Round "2.33"]
[White "Popp, Johann"]
[Black "Krieger, Roy"]
[Result "1-0"]
[WhiteElo "1561"]
[BlackElo "1293"]
[PlyCount "137"]
[EventDate "2017.??.??"]
[WhiteTeam "SG Rödermark"]
[BlackTeam "Muldental Wilkau-Haßlau"]

1. d4 Nf6 2. Nf3 d6 3. Bf4 Bg4 4. Nbd2 g6 5. h3 Bd7 6. e3 Bg7 7. Be2 O-O 8. O-O
c6 9. c3 Qb6 10. Qc1 Be6 11. Re1 c5 12. Bd3 Re8 13. Bc4 Nd5 14. Bg3 Nc6 15. Ng5
Na5 16. Nxe6 fxe6 17. Bd3 Nf6 18. Nc4 Nxc4 19. Bxc4 d5 20. Bd3 c4 21. Bc2 a5
22. e4 dxe4 23. Bxe4 Nxe4 24. Rxe4 Qc6 25. Qc2 b5 26. Rae1 Qd7 27. Rxe6 b4 28.
R6e2 Bf6 29. Qe4 a4 30. Qe6+ Qxe6 31. Rxe6 b3 32. a3 Kf7 33. Rc6 Rac8 34. Rxc8
Rxc8 35. Be5 Bh4 36. g3 Bg5 37. f4 Bh6 38. h4 Bf8 39. Re2 Bg7 40. Bxg7 Kxg7 41.
Rxe7+ Kg8 42. Kf2 h6 43. Ra7 Rf8 44. Rxa4 g5 45. Kf3 gxh4 46. gxh4 Rc8 47. Rb4
Kf7 48. a4 Ke6 49. Ke4 Kd6 50. f5 Re8+ 51. Kf4 Re2 52. Rxc4 Rxb2 53. Rb4 Rf2+
54. Ke3 Rxf5 55. Rxb3 Rh5 56. c4 Rxh4 57. Rb5 Rh3+ 58. Kf2 Ra3 59. Rb6+ Kc7 60.
Rxh6 Rxa4 61. Ke3 Rxc4 62. Ke4 Rc6 63. Rxc6+ Kxc6 64. Ke5 Kc7 65. Ke6 Kd8 66.
d5 Ke8 67. d6 Kd8 68. d7 Kc7 69. Ke7 1-0

[Event "Sparkassen-Open B"]
[Site "Heusenstamm, Martinsee"]
[Date "2017.11.24"]
[Round "2.34"]
[White "Klein, Simon"]
[Black "Kirchner, Stefan"]
[Result "1-0"]
[WhiteElo "1302"]
[BlackElo "1546"]
[PlyCount "79"]
[EventDate "2017.??.??"]
[WhiteTeam "SK Hungen"]
[BlackTeam "SF Schöneck"]

1. d4 f5 2. Bf4 g6 3. Nf3 Nf6 4. e3 d6 5. Nbd2 Bg7 6. Be2 O-O 7. h4 h6 8. Nb3
Qe8 9. Nfd2 c6 10. f3 Nd5 11. c3 Nxf4 12. exf4 e5 13. fxe5 dxe5 14. Qc2 Na6 15.
O-O-O b5 16. Bd3 Qf7 17. Rdf1 Be6 18. g4 Qd7 19. gxf5 Bxf5 20. Bxf5 Qxf5 21.
dxe5 Qxc2+ 22. Kxc2 Bxe5 23. Rhg1 Kh7 24. Re1 Rae8 25. Re4 Bf6 26. Rge1 Rxe4
27. Rxe4 Nc7 28. Nc5 Rf7 29. Ne6 Nd5 30. c4 a5 31. cxd5 cxd5 32. Rg4 Re7 33.
Nf4 Rc7+ 34. Kb1 Bxh4 35. Rxh4 g5 36. Nxd5 Rc5 37. Rd4 Kg7 38. Nb3 Rc4 39. Rxc4
bxc4 40. Nxa5 1-0

[Event "Sparkassen-Open B"]
[Site "Heusenstamm, Martinsee"]
[Date "2017.11.24"]
[Round "2.35"]
[White "Schmitz, Bernhard Hubert"]
[Black "Gade, Bernt"]
[Result "0-1"]
[WhiteElo "1420"]
[BlackElo "1666"]
[PlyCount "76"]
[EventDate "2017.??.??"]
[WhiteTeam "Vorw.Orient Mainz"]
[BlackTeam "Berkershm"]

1. d4 d5 2. c4 dxc4 3. Nc3 Nf6 4. e3 e6 5. Bxc4 c5 6. Nf3 cxd4 7. exd4 a6 8. a3
b5 9. Bb3 Bb7 10. O-O Bd6 11. h3 O-O 12. Bg5 Nbd7 13. Re1 h6 14. Bh4 g5 15. Bg3
Bxg3 16. fxg3 Nh5 17. Ne2 Ndf6 18. g4 Nf4 19. Nxf4 gxf4 20. Bc2 Nd5 21. Be4 f5
22. gxf5 exf5 23. Bxd5+ Bxd5 24. Qd2 Bxf3 25. gxf3 Qh4 26. Qg2+ Kh7 27. Kh1 Rg8
28. Qf1 Rg3 29. Kh2 Qh5 30. Re7+ Kh8 31. Rae1 Rxf3 32. Qg2 Rg8 33. Re8 Rfg3 34.
Rxg8+ Rxg8 35. Qc6 f3 36. Qf6+ Rg7 37. Re7 Qg6 38. Qf8+ Rg8 0-1

[Event "Sparkassen-Open B"]
[Site "Heusenstamm, Martinsee"]
[Date "2017.11.24"]
[Round "2.36"]
[White "Hahnenstein, Leon"]
[Black "Michel, Carsten"]
[Result "1-0"]
[WhiteElo "1411"]
[BlackElo "1664"]
[PlyCount "77"]
[EventDate "2017.??.??"]
[WhiteTeam "SC Herborn"]
[BlackTeam "SC Flörsheim"]

1. e4 c5 2. Nf3 Nc6 3. Bc4 e6 4. d3 d5 5. exd5 exd5 6. Bb3 Nf6 7. O-O Be7 8.
Be3 O-O 9. h3 Qd6 10. Qd2 Be6 11. Bf4 Qd7 12. c3 Rad8 13. Rd1 d4 14. c4 Bd6 15.
Re1 Bxf4 16. Qxf4 Rfe8 17. Nbd2 Nb4 18. Ne5 Qe7 19. a3 Nc6 20. Nxc6 bxc6 21.
Ne4 Nxe4 22. Qxe4 Qb7 23. Ba4 Bd7 24. Qf3 Qxb2 25. Bxc6 Bxc6 26. Qxc6 Qb8 27.
Qxc5 h6 28. Rxe8+ Rxe8 29. Qxd4 Rd8 30. Qc3 Re8 31. Rc1 Qf4 32. d4 Re2 33. Rf1
Rd2 34. d5 Rd4 35. Qe3 Qxe3 36. fxe3 Rxc4 37. d6 Kf8 38. d7 Ke7 39. Rxf7+ 1-0

[Event "Sparkassen-Open B"]
[Site "Heusenstamm, Martinsee"]
[Date "2017.11.24"]
[Round "2.37"]
[White "Espig, Nils"]
[Black "El-Lawindy, Asem"]
[Result "1/2-1/2"]
[WhiteElo "1409"]
[BlackElo "1562"]
[PlyCount "45"]
[EventDate "2017.??.??"]
[WhiteTeam "USV TU Dresden"]
[BlackTeam "VSG Offenbach"]

1. e4 c5 2. Nf3 d6 3. d4 cxd4 4. Nxd4 a6 5. c4 Nc6 6. Nc3 Nf6 7. Be2 g6 8. O-O
Bg7 9. Be3 O-O 10. h3 e6 11. Qd2 Qc7 12. Rfd1 Rd8 13. Nxc6 bxc6 14. e5 Ne8 15.
Na4 Rb8 16. exd6 Rxd6 17. Qc2 Rxd1+ 18. Rxd1 e5 19. b3 Bf5 20. Qc3 Rd8 21. Re1
Rb8 22. Nc5 Ra8 23. Rd1 1/2-1/2

[Event "Sparkassen-Open B"]
[Site "Heusenstamm, Martinsee"]
[Date "2017.11.24"]
[Round "2.38"]
[White "Bloß, Silvia"]
[Black "Grabs, Peter jr"]
[Result "0-1"]
[WhiteElo "1390"]
[BlackElo "1319"]
[PlyCount "112"]
[EventDate "2017.??.??"]
[WhiteTeam "Muldental Wilkau-Haßlau"]
[BlackTeam "SC Empor Potsdam"]

1. d4 d6 2. e4 Nf6 3. Nd2 e5 4. c3 Nbd7 5. Bd3 Be7 6. Ngf3 O-O 7. O-O Re8 8.
Re1 Bf8 9. Nf1 b6 10. Ng3 Bb7 11. Bc2 c5 12. d5 b5 13. a4 b4 14. a5 bxc3 15.
bxc3 Ba6 16. Bd2 Rb8 17. Bc1 Rb5 18. Bd2 Rxa5 19. Ba4 Bd3 20. c4 Ra6 21. Bxd7
Rxa1 22. Qxa1 Qxd7 23. Rc1 Bxe4 24. Rc3 Rb8 25. Ne1 Rb1 26. Qa5 h5 27. f3 Bg6
28. Kf2 e4 29. Ra3 exf3 30. Nxf3 Ng4+ 31. Ke2 Qe7+ 32. Be3 Rb2+ 33. Nd2 h4 34.
Ngf1 Qe4 35. Kd1 Qc2+ 36. Ke2 Qxc4+ 37. Kf3 Ne5+ 38. Kf2 Nd3+ 39. Kg1 Qxd5 40.
Qc3 Qe5 41. Qa5 Rb7 42. Nf3 Qe7 43. Qa4 h3 44. Bg5 f6 45. Be3 hxg2 46. Qc4+ Qf7
47. N1d2 Qxc4 48. Nxc4 d5 49. Na5 Rb1+ 50. Kxg2 Be4 51. Nc6 Ne1+ 52. Kg3 Nxf3
53. Rxa7 d4 54. Ne7+ Kh7 55. Nc8 dxe3 56. Re7 Bxe7 0-1

[Event "Sparkassen-Open B"]
[Site "Heusenstamm, Martinsee"]
[Date "2017.11.24"]
[Round "2.39"]
[White "Wiese, Frank"]
[Black "Goodwin, David"]
[Result "0-1"]
[WhiteElo "1338"]
[BlackElo "1536"]
[PlyCount "98"]
[EventDate "2017.??.??"]
[WhiteTeam "SF Frankfurt"]
[BlackTeam "SV Kelsterbach"]

1. c4 g6 2. Nf3 Bg7 3. Nc3 d6 4. g3 c5 5. Bg2 Nd7 6. O-O Ngf6 7. e4 O-O 8. h3
Nb6 9. d3 e5 10. Rb1 a6 11. b4 cxb4 12. Rxb4 Nbd7 13. a3 Nc5 14. Ne1 Ne6 15.
Nc2 a5 16. Rb1 Ra6 17. Bd2 Rb6 18. Rxb6 Qxb6 19. Qb1 Qa6 20. Na4 Bd7 21. Nb6
Bc6 22. Rc1 Nc5 23. Ne1 a4 24. Be3 Nb3 25. Rd1 Nd7 26. Nxd7 Bxd7 27. Nc2 Nd4
28. Nxd4 exd4 29. Bf4 Be5 30. Bh6 Rb8 31. f4 Bf6 32. Qc2 b5 33. cxb5 Bxb5 34.
Bf1 Rc8 35. Qb2 Rc3 36. f5 Be5 37. fxg6 hxg6 38. Kg2 Qc6 39. Rd2 d5 40. Kf2
dxe4 41. dxe4 Qf6+ 42. Bf4 Bxf1 43. Kxf1 g5 44. Rf2 gxf4 45. gxf4 Qa6+ 46. Ke1
Re3+ 47. Kd1 Qd3+ 48. Rd2 Qf1+ 49. Kc2 d3+ 0-1

[Event "Sparkassen-Open B"]
[Site "Heusenstamm, Martinsee"]
[Date "2017.11.24"]
[Round "2.40"]
[White "Mook, Karl-Jürgen"]
[Black "Ramien, Hannah"]
[Result "1-0"]
[WhiteElo "1529"]
[BlackElo "1369"]
[PlyCount "81"]
[EventDate "2017.??.??"]
[WhiteTeam "SC Sulzbach"]
[BlackTeam "SG Porz"]

1. e4 e5 2. Nf3 Nc6 3. Be2 Nf6 4. d4 exd4 5. e5 Nd5 6. a3 Be7 7. O-O O-O 8.
Nxd4 Nxe5 9. Nf5 Nb6 10. Nxe7+ Qxe7 11. Nc3 d6 12. Be3 Nec4 13. Bxb6 Nxb6 14.
Re1 Qg5 15. Bd3 Bg4 16. f3 Bh3 17. Bf1 Rfe8 18. Ne4 Qg6 19. Kh1 Bf5 20. Bd3 d5
21. Nf2 Rad8 22. Qd2 Nc4 23. Qc3 Bxd3 24. Nxd3 Ne3 25. Nf4 Qxc2 26. Rxe3 Qxc3
27. Rxe8+ Rxe8 28. bxc3 c6 29. Kg1 g6 30. Kf2 Kg7 31. Nd3 Rd8 32. Re1 Kf6 33.
Ne5 d4 34. cxd4 Rxd4 35. Ng4+ Kg7 36. Re7 Rd2+ 37. Kg3 Rb2 38. Re3 c5 39. Ne5
b6 40. Nc4 b5 41. Nxb2 1-0

[Event "Sparkassen-Open B"]
[Site "Heusenstamm, Martinsee"]
[Date "2017.11.24"]
[Round "2.41"]
[White "Pessotschinski, Eduard"]
[Black "Bayer, Oliver"]
[Result "0-1"]
[WhiteElo "1297"]
[BlackElo "1526"]
[PlyCount "62"]
[EventDate "2017.??.??"]
[WhiteTeam "TuS Makkabi"]
[BlackTeam "SK Gründau"]

1. e4 e5 2. Nf3 Nc6 3. d4 exd4 4. Nxd4 Nf6 5. Bg5 Be7 6. Nxc6 dxc6 7. Qxd8+
Bxd8 8. Nc3 O-O 9. O-O-O Be6 10. Rxd8 Raxd8 11. e5 Nd5 12. Bxd8 Rxd8 13. Ne4 b6
14. a3 Bf5 15. Bd3 Nf4 16. Nf6+ gxf6 17. Bxf5 fxe5 18. Be4 Rd6 19. Re1 f6 20.
g3 Ne6 21. Re3 Kg7 22. Rd3 Nd8 23. Kd2 h6 24. Ke3 Kf7 25. Kf3 Rxd3+ 26. cxd3
Ne6 27. Kg4 Nd4 28. f4 c5 29. Bd5+ Kg7 30. Be4 c6 31. Bf5 h5+ 0-1

[Event "Sparkassen-Open B"]
[Site "Heusenstamm, Martinsee"]
[Date "2017.11.24"]
[Round "2.42"]
[White "Hüttinger, Siegfried"]
[Black "Peschk, Kathrin"]
[Result "1/2-1/2"]
[WhiteElo "1519"]
[BlackElo "1345"]
[PlyCount "100"]
[EventDate "2017.??.??"]
[WhiteTeam "SC Königsspringer Alzenau"]
[BlackTeam "SV Groß-Gerau"]

1. d4 f5 2. c4 e6 3. Nc3 Nf6 4. Nf3 d5 5. e3 c6 6. Be2 Bd6 7. c5 Bc7 8. b4 O-O
9. a4 Nbd7 10. Ng5 Qe7 11. f4 Ne4 12. Ngxe4 fxe4 13. O-O Nf6 14. b5 Bd7 15. Ba3
Ba5 16. Qc2 Be8 17. Na2 Bh5 18. Qd1 Bxe2 19. Qxe2 Qd7 20. Nb4 Bxb4 21. Bxb4
Rfc8 22. g4 b6 23. g5 Ne8 24. Rac1 cxb5 25. axb5 bxc5 26. Bxc5 Nd6 27. Bxd6
Qxd6 28. Rxc8+ Rxc8 29. Ra1 Qd7 30. Qb2 Rb8 31. Rb1 Qd6 32. Kf2 Kf7 33. Kg3 h6
34. h4 Kg6 35. gxh6 gxh6 36. Kh3 Kf5 37. Qg2 Kf6 38. h5 Qa3 39. Qg6+ Ke7 40.
Qg7+ Ke8 41. Qg8+ Ke7 42. Qxb8 Qxe3+ 43. Kg2 Qf3+ 44. Kg1 Qe3+ 45. Kh2 Qf2+ 46.
Kh3 Qf3+ 47. Kh2 Qf2+ 48. Kh1 Qf3+ 49. Kg1 Qe3+ 50. Kh2 Qf2+ 1/2-1/2

[Event "Sparkassen-Open B"]
[Site "Heusenstamm, Martinsee"]
[Date "2017.11.24"]
[Round "2.43"]
[White "Werner, Rosalie"]
[Black "Landvoigt, Martin"]
[Result "1/2-1/2"]
[WhiteElo "1494"]
[BlackElo "1310"]
[PlyCount "80"]
[EventDate "2017.??.??"]
[WhiteTeam "VSG Offenbach"]
[BlackTeam "SF Friedberg"]

1. e4 c5 2. Nf3 Nc6 3. d4 cxd4 4. Nxd4 a6 5. Nc3 e6 6. Be3 g6 7. Nxc6 bxc6 8.
e5 Ne7 9. Bg5 Qc7 10. Bf6 Rg8 11. Ne4 Nf5 12. g4 Ng7 13. Nd6+ Bxd6 14. exd6
Qa5+ 15. c3 Qd5 16. f3 Qxd1+ 17. Rxd1 h5 18. h3 Rb8 19. b3 a5 20. c4 Ra8 21. c5
Ba6 22. Kf2 Kf8 23. Be7+ Ke8 24. f4 Rh8 25. Bxa6 Rxa6 26. Rb1 f5 27. b4 axb4
28. Rxb4 Rxa2+ 29. Ke3 Ra8 30. Rhb1 Kf7 31. g5 h4 32. Rb7 Ra3+ 33. R1b3 Rxb3+
34. Rxb3 Ra8 35. Kd3 Nh5 36. Ke3 Ng3 37. Rb7 Ra3+ 38. Kd4 Ra4+ 39. Ke3 Ra3+ 40.
Kd4 Ra4+ 1/2-1/2

[Event "Sparkassen-Open B"]
[Site "Heusenstamm, Martinsee"]
[Date "2017.11.24"]
[Round "2.44"]
[White "von Beckh, Frieda"]
[Black "Pomrehn, Ole Magnus"]
[Result "0-1"]
[WhiteElo "1288"]
[BlackElo "1512"]
[PlyCount "130"]
[EventDate "2017.??.??"]
[WhiteTeam "SC Eschborn"]
[BlackTeam "SF Schöneck"]

1. e4 d5 2. exd5 Qxd5 3. Nc3 Qa5 4. d4 c6 5. Nf3 Bg4 6. h3 Bh5 7. Bc4 Nf6 8.
Bg5 Bxf3 9. Qxf3 Qxg5 10. O-O e6 11. Rfe1 Be7 12. Re5 Qh4 13. Rd1 Nbd7 14. Re3
O-O 15. Ne4 Qh5 16. Nxf6+ Nxf6 17. Kh1 Qxf3 18. gxf3 Nd5 19. Bxd5 cxd5 20. Rg1
Bf6 21. c3 b5 22. f4 Rfe8 23. Rf3 a6 24. f5 e5 25. dxe5 Rxe5 26. Rf4 Re4 27.
Rxe4 dxe4 28. Re1 Re8 29. Kg2 h6 30. Kg3 Bg5 31. h4 Bf6 32. h5 Bg5 33. f3 e3
34. f4 e2 35. fxg5 hxg5 36. Kf3 f6 37. Rxe2 Rxe2 38. Kxe2 Kf7 39. Ke3 Ke7 40.
Ke4 Kd6 41. b4 Kc6 42. Kd4 g4 43. Ke4 g3 44. Kf3 g2 45. Kxg2 Kd5 46. Kf3 Ke5
47. Kg4 Ke4 48. a3 Ke5 49. Kf3 Kxf5 50. Ke3 Ke5 51. Kd3 f5 52. c4 bxc4+ 53.
Kxc4 Ke4 54. a4 f4 55. b5 axb5+ 56. axb5 f3 57. b6 f2 58. Kc5 f1=Q 59. h6 gxh6
60. Kc6 Qb1 61. Kb7 Qxb6+ 62. Ka8 Qb5 63. Ka7 Kd5 64. Ka8 Kc6 65. Ka7 Qb7# 0-1

[Event "Sparkassen-Open B"]
[Site "Heusenstamm, Martinsee"]
[Date "2017.11.24"]
[Round "2.45"]
[White "Lochmann, Tobias"]
[Black "Sitta, Stefan"]
[Result "0-1"]
[WhiteElo "1251"]
[BlackElo "1502"]
[PlyCount "44"]
[EventDate "2017.??.??"]
[WhiteTeam "SV Groß-Gerau"]
[BlackTeam "Sfr. Stiller Zug"]

1. c4 c5 2. Nc3 Nc6 3. e4 d6 4. d3 g6 5. Nf3 Bg7 6. Bd2 Nf6 7. Nd5 O-O 8. Bc3
e5 9. Be2 Nxd5 10. cxd5 Nd4 11. Nxd4 exd4 12. Bd2 f5 13. O-O Be5 14. g3 f4 15.
g4 f3 16. Bxf3 Qh4 17. Re1 Qxh2+ 18. Kf1 Qh3+ 19. Ke2 Qxf3+ 20. Kf1 Qh1+ 21.
Ke2 Bxg4+ 22. f3 Qxf3# 0-1

[Event "Sparkassen-Open B"]
[Site "Heusenstamm, Martinsee"]
[Date "2017.11.24"]
[Round "2.46"]
[White "Löhr, Frank"]
[Black "Englert, Lin"]
[Result "1-0"]
[WhiteElo "1484"]
[BlackElo "1227"]
[PlyCount "79"]
[EventDate "2017.??.??"]
[WhiteTeam "SF Ötzingen"]
[BlackTeam "TV-Großostheim"]

1. d4 d5 2. c4 e6 3. Nc3 Nf6 4. Nf3 Bb4 5. Bd2 c5 6. e3 Nc6 7. cxd5 exd5 8. Bb5
Bd7 9. dxc5 Bxc5 10. Qb3 Bf5 11. Ne5 Rc8 12. Qa4 Bd7 13. Nxd7 Qxd7 14. Rd1 a6
15. Bd3 O-O 16. a3 Ra8 17. Qc2 a5 18. O-O d4 19. Ne4 Nxe4 20. Bxe4 Bb6 21.
Bxh7+ Kh8 22. Be4 Rac8 23. Qd3 Ne5 24. Qb1 g6 25. exd4 Nc6 26. Bxc6 Rxc6 27.
Bc3 Rd6 28. Qe4 Re8 29. d5+ Kg8 30. Qh4 Kf8 31. Qh8+ Ke7 32. Rfe1+ Kd8 33. Bf6+
Rxf6 34. Qxf6+ Kc7 35. Rxe8 Qxe8 36. Rc1+ Kb8 37. Qxb6 Ka8 38. Qxa5+ Kb8 39.
Re1 Qc8 40. g3 1-0

[Event "Sparkassen-Open B"]
[Site "Heusenstamm, Martinsee"]
[Date "2017.11.24"]
[Round "2.47"]
[White "Weyerer, Noah"]
[Black "Giebitz, Walter"]
[Result "0-1"]
[WhiteElo "1154"]
[BlackElo "1483"]
[PlyCount "116"]
[EventDate "2017.??.??"]
[WhiteTeam "SV Oberursel"]
[BlackTeam "SC Steinbach"]

1. e4 e5 2. Nf3 Nc6 3. Bc4 Bc5 4. d3 h6 5. Nc3 Nf6 6. Be3 Bb6 7. Qe2 O-O 8. O-O
d6 9. h3 Be6 10. Nd5 Bxd5 11. Bxd5 Nxd5 12. exd5 Ne7 13. c4 Qd7 14. d4 exd4 15.
Bxd4 Rfe8 16. Rad1 Nxd5 17. Be5 Nf4 18. Qd2 Ng6 19. Bg3 Re4 20. b3 Rae8 21.
Rfe1 Qf5 22. Rxe4 Rxe4 23. Qc2 Qe6 24. Qd3 Re2 25. Qd5 Qxd5 26. Rxd5 Rxa2 27.
Rd2 Ra1+ 28. Kh2 Rb1 29. Rd3 Rb2 30. Kg1 f5 31. Nh4 f4 32. Nxg6 fxg3 33. Rxg3
Bxf2+ 34. Kh2 Bxg3+ 35. Kxg3 Rxb3+ 36. Kh4 Rb4 37. g4 Rxc4 38. Ne7+ Kf7 39. Nf5
a5 40. Ne3 Re4 41. Nf5 a4 42. Ng3 Re1 43. Kh5 Re3 44. Nf5 Rxh3+ 45. Nh4 g6+ 46.
Kxh6 Rxh4+ 47. Kg5 Rh1 48. Kf4 a3 49. Ke3 a2 50. Kd4 a1=Q+ 51. Ke4 b5 52. g5 b4
53. Kd5 b3 54. Ke4 b2 55. Kd5 b1=Q 56. Kc6 Qc3+ 57. Kd7 Qb5+ 58. Kd8 Rh8# 0-1

[Event "Sparkassen-Open B"]
[Site "Heusenstamm, Martinsee"]
[Date "2017.11.24"]
[Round "2.48"]
[White "Grabs, Peter"]
[Black "Solovej, Philip"]
[Result "1-0"]
[WhiteElo "1481"]
[BlackElo "1190"]
[PlyCount "65"]
[EventDate "2017.??.??"]
[WhiteTeam "SC Empor Potsdam"]
[BlackTeam "SK Gründau"]

1. e4 e5 2. Nf3 Nc6 3. Nc3 Nf6 4. Bb5 Bc5 5. Bxc6 bxc6 6. Nxe5 Qe7 7. d4 Bb4 8.
Bg5 h6 9. Bxf6 Qxf6 10. Qf3 Qxf3 11. Nxf3 Bxc3+ 12. bxc3 Ba6 13. Rb1 O-O 14.
Kd2 d6 15. e5 Rae8 16. Rhe1 Re6 17. Re3 Rfe8 18. Rb4 Kf8 19. Ra4 Bf1 20. Rxa7
R6e7 21. exd6 Rxe3 22. fxe3 cxd6 23. g3 Bg2 24. Ke2 Rb8 25. Ne1 Ke8 26. Nxg2
Rb2 27. Kd3 g6 28. Nf4 c5 29. Nd5 c4+ 30. Kd2 f5 31. Ne7 g5 32. Nxf5 h5 33.
Nxd6+ 1-0

[Event "Sparkassen-Open B"]
[Site "Heusenstamm, Martinsee"]
[Date "2017.11.24"]
[Round "2.49"]
[White "Löhr, Frederic"]
[Black "Brunner, Andreas"]
[Result "0-1"]
[WhiteElo "1127"]
[BlackElo "1475"]
[PlyCount "60"]
[EventDate "2017.??.??"]
[WhiteTeam "SF Ötzingen"]
[BlackTeam "Berkershm"]

1. f4 d5 2. Nf3 Nf6 3. e3 c5 4. d4 Nc6 5. Be2 cxd4 6. Nxd4 e6 7. Bb5 Bd7 8.
Nxc6 bxc6 9. Ba6 Qa5+ 10. Bd2 Qxa6 11. Nc3 Be7 12. Qf3 O-O 13. O-O-O Rab8 14.
b3 c5 15. g4 c4 16. Kb1 Rfc8 17. Rc1 Bc6 18. Qf1 d4 19. Rg1 dxc3 20. Bxc3 Ne4
21. Qe1 Nxc3+ 22. Qxc3 Bf6 23. Qd2 c3 24. Qd6 Rd8 25. Qc5 Rb5 26. g5 Rxc5 27.
gxf6 g6 28. Ka1 Qa3 29. Rb1 Ra5 30. Rb2 Qxb2# 0-1

[Event "Sparkassen-Open B"]
[Site "Heusenstamm, Martinsee"]
[Date "2017.11.24"]
[Round "2.50"]
[White "Schwegler, Jelena"]
[Black "Samy A S, Anthoni"]
[Result "1-0"]
[WhiteElo "1462"]
[BlackElo "1098"]
[PlyCount "49"]
[EventDate "2017.??.??"]
[WhiteTeam "SK Bad Homburg"]
[BlackTeam "SF Friedberg"]

1. e4 e5 2. Nf3 Nc6 3. d4 exd4 4. Nxd4 Bc5 5. Be3 Nf6 6. Nxc6 bxc6 7. Bxc5 d6
8. Be3 Nxe4 9. Bd3 Nc5 10. Bxc5 dxc5 11. O-O O-O 12. Qh5 g6 13. Qxc5 Qf6 14.
Nc3 a6 15. Rfe1 Rb8 16. Ne4 Qe6 17. Ng5 Qd5 18. Qxd5 cxd5 19. b3 h6 20. Nf3 g5
21. Re7 c6 22. Ne5 Rb6 23. Re1 f6 24. Bh7+ Kh8 25. Ng6# 1-0

[Event "Sparkassen-Open B"]
[Site "Heusenstamm, Martinsee"]
[Date "2017.11.24"]
[Round "2.52"]
[White "Tiggemann, Felix"]
[Black "Gräf, Britta"]
[Result "1-0"]
[WhiteElo "1453"]
[BlackElo "950"]
[PlyCount "61"]
[EventDate "2017.??.??"]
[WhiteTeam "SF Schöneck"]
[BlackTeam "SV Frankfurt Nord"]

1. e4 g6 2. d4 d6 3. Nf3 Nf6 4. Nc3 Bg7 5. Be3 O-O 6. Bc4 Nbd7 7. Qd2 c5 8.
dxc5 dxc5 9. O-O-O a6 10. Bxc5 b5 11. Bd5 Nxd5 12. Qxd5 Rb8 13. Qg5 Re8 14. Ne2
Qa5 15. a3 b4 16. Bxe7 bxa3 17. Qxa5 Rxe7 18. Qxa3 Re8 19. b3 h6 20. Qd6 Rb6
21. Qc7 Rb5 22. Rd5 Nf6 23. Rxb5 axb5 24. h3 Be6 25. Rd1 Kh7 26. Rd8 g5 27.
Rxe8 Nxe8 28. Qc6 Nf6 29. Qxb5 h5 30. Nxg5+ Kg6 31. Nf4+ 1-0

[Event "Sparkassen-Open B"]
[Site "Heusenstamm, Martinsee"]
[Date "2017.11.24"]
[Round "3.1"]
[White "Draxler, Gottfried"]
[Black "Hambel, Christoph"]
[Result "1/2-1/2"]
[WhiteElo "1781"]
[BlackElo "1679"]
[PlyCount "74"]
[EventDate "2017.??.??"]
[WhiteTeam "SF Neuberg"]
[BlackTeam "Bad Vilbeler Sfr"]

1. c4 Nf6 2. g3 e5 3. Bg2 Bc5 4. e3 O-O 5. Nc3 c6 6. Nge2 d5 7. cxd5 cxd5 8. d4
exd4 9. Nxd4 Nc6 10. Nb3 Bb4 11. Bd2 Re8 12. O-O Bf5 13. a3 Bf8 14. Be1 Bg4 15.
f3 Be6 16. Nd4 Nxd4 17. Qxd4 Rc8 18. Bf2 Bc5 19. Qd3 Qd7 20. Rfd1 Rcd8 21. Ne2
Bf5 22. Qd2 Re7 23. Nd4 Bg6 24. Rac1 Bb6 25. Bf1 a6 26. b4 Ne8 27. Rc3 Nd6 28.
Kg2 Nf5 29. Nxf5 Bxf5 30. Bd3 Be6 31. Bc2 a5 32. Qc1 axb4 33. axb4 Bh3+ 34. Kg1
Qb5 35. Rcd3 Qxb4 36. Rxd5 Rxd5 37. Rxd5 Be6 1/2-1/2

[Event "Sparkassen-Open B"]
[Site "Heusenstamm, Martinsee"]
[Date "2017.11.24"]
[Round "3.2"]
[White "Kohn, Matthias"]
[Black "Englert, Fred"]
[Result "0-1"]
[WhiteElo "1739"]
[BlackElo "1778"]
[PlyCount "44"]
[EventDate "2017.??.??"]
[WhiteTeam "SF Mahndorf"]
[BlackTeam "SK Klingenberg"]

1. c4 c6 2. g3 g6 3. Bg2 Bg7 4. Nf3 Nf6 5. O-O O-O 6. d3 d5 7. Nbd2 b6 8. Qc2
Bb7 9. b3 d4 10. c5 Nd5 11. Bb2 Nc3 12. Bxc3 dxc3 13. Ne4 Na6 14. Nxc3 Nb4 15.
Qd2 Nd5 16. d4 bxc5 17. Nxd5 Qxd5 18. Rad1 cxd4 19. Nxd4 Qc5 20. e3 Rad8 21.
Rc1 Qb6 22. Rfd1 e5 0-1

[Event "Sparkassen-Open B"]
[Site "Heusenstamm, Martinsee"]
[Date "2017.11.24"]
[Round "3.3"]
[White "Senatov, Boris"]
[Black "Schwarz, Matthias"]
[Result "1-0"]
[WhiteElo "1704"]
[BlackElo "1767"]
[PlyCount "63"]
[EventDate "2017.??.??"]
[WhiteTeam "SC Heusenstamm"]
[BlackTeam "SG Idstein"]

1. e4 e5 2. Nf3 Nc6 3. Bb5 Nge7 4. c3 g6 5. d4 exd4 6. cxd4 Bg7 7. O-O a6 8.
Ba4 b5 9. Bc2 d6 10. h3 O-O 11. a4 Bb7 12. Bg5 b4 13. a5 h6 14. Bh4 g5 15. Bg3
f5 16. exf5 Nxf5 17. Qd3 Ncxd4 18. Nxd4 Bxd4 19. Qb3+ d5 20. Bxf5 Rxf5 21. Qxb4
Qf6 22. Qxb7 Rf8 23. Nc3 Bxf2+ 24. Bxf2 Rxf2 25. Qxd5+ Kh8 26. Rxf2 Qxf2+ 27.
Kh1 Qxb2 28. Qe5+ Kg8 29. Qe6+ Kh8 30. Qxh6+ Kg8 31. Qxg5+ Kh8 32. Qc1 1-0

[Event "Sparkassen-Open B"]
[Site "Heusenstamm, Martinsee"]
[Date "2017.11.24"]
[Round "3.4"]
[White "Baranyai-Molnar, Adam-Kristof"]
[Black "Björknes, Uwe"]
[Result "0-1"]
[WhiteElo "1715"]
[BlackElo "1696"]
[PlyCount "106"]
[EventDate "2017.??.??"]
[WhiteTeam "SF Neuberg"]
[BlackTeam "SC Bergen-Enkheim"]

1. e4 d5 2. exd5 Nf6 3. Bb5+ Bd7 4. Bxd7+ Qxd7 5. d4 Nxd5 6. c4 Nb6 7. Qd3 e5
8. d5 c6 9. Nc3 Bb4 10. Nf3 f6 11. Be3 Bxc3+ 12. bxc3 O-O 13. O-O Qg4 14. Bxb6
axb6 15. h3 Qf4 16. g3 Qh6 17. Qf5 Rd8 18. Qe6+ Kh8 19. Nh4 Nd7 20. d6 Nc5 21.
Qe7 Rd7 22. Rad1 Qh5 23. f4 Rxe7 24. dxe7 Qe8 25. Nf5 g6 26. fxe5 gxf5 27. exf6
Kg8 28. Rxf5 Kf7 29. Rd4 Nd7 30. Rdf4 Rxa2 31. g4 Qa8 32. Rd4 Ra1+ 33. Kg2 Qa2+
34. Kg3 Nxf6 35. Rxf6+ Kxe7 36. g5 Qe2 37. Rff4 Rg1+ 38. Kh4 Qe1+ 39. Kh5 Qe2+
40. Kh4 Re1 41. Kg3 Qe6 42. h4 Re3+ 43. Kf2 Qh3 44. Rde4+ Rxe4 45. Rxe4+ Kd6
46. Rf4 Qxc3 47. h5 Qd2+ 48. Kg3 Kc5 49. h6 Qe1+ 50. Kg4 Qe6+ 51. Kh5 b5 52.
cxb5 cxb5 53. Rg4 Qg6+ 0-1

[Event "Sparkassen-Open B"]
[Site "Heusenstamm, Martinsee"]
[Date "2017.11.24"]
[Round "3.5"]
[White "Edel, Fenja"]
[Black "Bunjaku, Lulzim"]
[Result "1-0"]
[WhiteElo "1694"]
[BlackElo "1756"]
[PlyCount "88"]
[EventDate "2017.??.??"]
[WhiteTeam "SV Springe"]
[BlackTeam "SC Heusenstamm"]

1. e4 c5 2. Nc3 Nc6 3. f4 d6 4. Bb5 Bd7 5. Bxc6 Bxc6 6. Nf3 g6 7. d3 Bg7 8. O-O
e5 9. Qe1 Ne7 10. Qg3 O-O 11. fxe5 dxe5 12. Be3 Qb6 13. Rab1 f5 14. Qf2 Qc7 15.
Bxc5 b6 16. Ba3 fxe4 17. dxe4 Rf4 18. Qe2 Qb7 19. Ng5 Rc8 20. Bxe7 Qxe7 21.
Qc4+ Kh8 22. Nf7+ Rxf7 23. Rxf7 Qg5 24. Qe6 Qd8 25. Rd1 Qg8 26. Rdf1 Be8 27.
Qxc8 Bxf7 28. Qxg8+ Kxg8 29. Rd1 Bh6 30. Kf2 Bf8 31. Rd7 a5 32. Nd5 h5 33. Kf3
Bc5 34. a3 g5 35. h3 h4 36. Rd8+ Kg7 37. Ke2 Bxd5 38. Rxd5 Kf6 39. Kf3 Ke6 40.
a4 Bg1 41. c3 Bc5 42. Kg4 Be3 43. b4 axb4 44. cxb4 Kf6 1-0

[Event "Sparkassen-Open B"]
[Site "Heusenstamm, Martinsee"]
[Date "2017.11.24"]
[Round "3.6"]
[White "Sikorra, Philipp"]
[Black "Westhof, Benedikt"]
[Result "1-0"]
[WhiteElo "1755"]
[BlackElo "1681"]
[PlyCount "87"]
[EventDate "2017.??.??"]
[WhiteTeam "SC Ladja Roßdorf"]
[BlackTeam "SC Heusenstamm"]

1. e4 e5 2. f4 Bc5 3. Nf3 d6 4. Bc4 Nc6 5. Nc3 Bg4 6. h3 Bxf3 7. Qxf3 Nd4 8.
Qg3 Nxc2+ 9. Kd1 Nxa1 10. Qxg7 Qf6 11. Bxf7+ Qxf7 12. Qxh8 O-O-O 13. fxe5 Qh5+
14. g4 Qxe5 15. Qxe5 dxe5 16. Rf1 Rf8 17. Rxf8+ Bxf8 18. b3 c6 19. Bb2 Nxb3 20.
axb3 Kd7 21. Ke2 Ne7 22. Nd1 Ng6 23. Kf3 Bh6 24. Ne3 Bxe3 25. Kxe3 c5 26. h4
Ke6 27. h5 Nf4 28. d4 cxd4+ 29. Bxd4 Ng2+ 30. Kf2 exd4 31. Kxg2 a5 32. g5 b5
33. h6 Kf7 34. e5 a4 35. e6+ Ke7 36. bxa4 bxa4 37. g6 a3 38. g7 a2 39. g8=Q
a1=Q 40. Qf7+ Kd6 41. Qd7+ Ke5 42. e7 Qb2+ 43. Kg3 Qc3+ 44. Kg4 1-0